000 00786nam a22002417a 4500
001 BR7406572
003 BR-BrBNA
005 20230928084646.0
007 ta
008 230509b bl.||||| |||| 00| 0 por d
040 _aBR-BrBNA
_bpor
_cBiblioteca Nacional de Agricultura
041 _a(Por)
072 _aU20
090 _ U20 BR7406572
110 1 _aEmpresa Brasileira de Assistencia Tecnica e Extensao Rural, Brasilia, DF. Sistema Nacional de Informacao Rural
_93810
245 1 _aNormas recomendadas para apresentacao de monografias, folhetos, teses, etc. [biblioteca, documentacao]
_bDOC/TEC/74/039
260 3 _aBrasilia, DF (Brasil):
_c1974.
300 _a5 p.
650 _aBIBLIOTECA
650 _aDOCUMENTACAO
909 _a202309
_bLucia
_c55
_dLucia Elande
942 _cBK
999 _c20318
_d20318